Obálka Náhled e-knihy:
PDF Epub
Pro půjčování e-knih musíte být přihlášeni.
Jak si půjčit online?

Ukradený polibek /

Eroticky laděný román, určený především ženským čtenářkám, je zasazen do Chicaga 21. století. Devatenáctiletá dcera vlivného mafiána je nucena se zasnoubit se senátorem, který se tímto způsobem chce pomstít jejímu otci.

Uloženo v:
Hlavní autor: Shen, L. J. (Autor)
Další autoři: Ľalíková, Zuzana, 1987- (Autor)
Médium: E-kniha
Jazyk:Czech
Vydáno: V Praze : Baronet, 2024
Vydání:2. vydání
Témata:
Tagy:
Žádné tagy
LEADER 02332nam a2200433 i 4500
001 312472
003 CZ PrSKC
005 20260601215723.0
007 ta
008 240807s2024 xr e 000 f cze
015 |a cnb003625880 
020 |a 9788026923817  |q (vázáno) 
035 |a (OCoLC)1459785348 
040 |a ABG001  |b cze  |e rda 
041 1 |a cze  |h eng 
072 7 |a 821.111(73)-3  |x Americká próza  |2 Konspekt 
080 |a 821.111(73)-31  |2 MRF 
080 |a (0:82-312.5)  |2 MRF 
100 1 |a Shen, L. J.  |7 kv20191032768  |4 aut 
240 1 0 |a Kiss thief.  |l Česky 
245 1 0 |a Ukradený polibek /  |c L.J. Shen ; z anglického originálu The kiss thief ... přeložila Zuzana Ľalíková 
250 |a 2. vydání 
264 1 |a V Praze :  |b Baronet,  |c 2024 
300 |a 379 stran ;  |c 21 cm 
336 |a text  |b txt  |2 rdacontent 
337 |a bez média  |b n  |2 rdamedia 
338 |a svazek  |b nc  |2 rdacarrier 
520 2 |a Eroticky laděný román, určený především ženským čtenářkám, je zasazen do Chicaga 21. století. Devatenáctiletá dcera vlivného mafiána je nucena se zasnoubit se senátorem, který se tímto způsobem chce pomstít jejímu otci.  |b Devatenáctiletá Francesca je dcerou hlavy mafiánské organizace v Chicagu a těší se na zásnuby s Angelem, se kterým se zná od dětství a je ze stejného prostředí jako ona. Z jí neznámého důvodu otec změní rozhodnutí a ona se během dvou hodin musí odstěhovat k novému snoubenci, senátoru Keatonovi, který jejího otce nenávidí a Francesca je jen prostředkem jeho pomsty. 
655 7 |a americké romány  |7 fd131796  |2 czenas 
655 7 |a milostné romány  |7 fd132840  |2 czenas 
655 9 |a American fiction  |2 eczenas 
655 9 |a love novels  |2 eczenas 
700 1 |a Ľalíková, Zuzana,  |d 1987-  |7 xx0144546  |4 trl 
900 |a ABA001  |b 20 
928 9 |a Albatros Media - Baronet 
044 |a xr 
910 |a RBIT002 
998 |d 408782  |a https://core.palmknihy.cz/api/books/408782/cover?shijge  |b https://core.palmknihy.cz/api/books/408782/cover/400?shijge  |c https://core.palmknihy.cz/api/books/408782/cover/50?shijge  |e 2029-03-22  |g 384  |i 9788026923817  |j https://core.palmknihy.cz/api/books/408782/preview.epub  |k https://core.palmknihy.cz/api/books/408782/preview.pdf  |l   |q 49  |r 1  |s https://www.palmknihy.cz/kniha/408782  |t ebook  |y 2024  |z 0 
999 |d 312470